ASP.NET : (Record no. 647)

MARC details
000 -LEADER
fixed length control field 00894nam a22002775a 4500
005 - DATE AND TIME OF LATEST TRANSACTION
control field 20150823121042.0
008 - FIXED-LENGTH DATA ELEMENTS--GENERAL INFORMATION
fixed length control field 150817r20052002ii a|||fr|||| 001 0 eng d
010 ## - LIBRARY OF CONGRESS CONTROL NUMBER
LC control number 2002511174
020 ## - INTERNATIONAL STANDARD BOOK NUMBER
International Standard Book Number 9780070495364
020 ## - INTERNATIONAL STANDARD BOOK NUMBER
International Standard Book Number 007049536x
035 ## - SYSTEM CONTROL NUMBER
System control number (OCoLC)ocm49647541
040 ## - CATALOGING SOURCE
Original cataloging agency EG-ScBUE
Language of cataloging eng
Transcribing agency EG-ScBUE
082 04 - DEWEY DECIMAL CLASSIFICATION NUMBER
Classification number 005.276
Item number MAC
Edition number 22
100 1# - MAIN ENTRY--PERSONAL NAME
Personal name MacDonald, Matthew.
245 10 - TITLE STATEMENT
Title ASP.NET :
Remainder of title the complete reference /
Statement of responsibility, etc Matthew MacDonald.
260 ## - PUBLICATION, DISTRIBUTION, ETC. (IMPRINT)
Place of publication, distribution, etc New Delhi :
Name of publisher, distributor, etc Tata McGraw-Hill Publishing,
Date of publication, distribution, etc 2002.
300 ## - PHYSICAL DESCRIPTION
Extent xxix, 977 p. :
Other physical details ill. ;
Dimensions 24 cm.
504 ## - BIBLIOGRAPHY, ETC. NOTE
Bibliography, etc Index : p. 945-977.
590 ## - LOCAL NOTE (RLIN)
Local note yassmeen ashraf
650 #0 - SUBJECT ADDED ENTRY--TOPICAL TERM
Topical term or geographic name as entry element Internet programming.
Source of heading or term BUEsh
650 #0 - SUBJECT ADDED ENTRY--TOPICAL TERM
Topical term or geographic name as entry element Web site development.
Source of heading or term BUEsh
651 ## - SUBJECT ADDED ENTRY--GEOGRAPHIC NAME
Source of heading or term BUEsh
653 ## - INDEX TERM--UNCONTROLLED
Resource For college Informatics and Computer Science
Arrived date list August2015
856 42 - ELECTRONIC LOCATION AND ACCESS
Materials specified Table of contents
Uniform Resource Identifier <a href="http://www.loc.gov/catdir/toc/mh023/2002511174.html">http://www.loc.gov/catdir/toc/mh023/2002511174.html</a>
942 ## - ADDED ENTRY ELEMENTS (KOHA)
Item type Book - Borrowing
Call number prefix 005.276 MAC
Source of classification or shelving scheme Dewey Decimal Classification
Holdings
Withdrawn status Item status Source of classification or shelving scheme Damaged status Not for loan Vendor Home library Current library Shelving location Date acquired Source of acquisition Cost, normal purchase price Total Checkouts Total Renewals Full call number Barcode Date last seen Date last borrowed Cost, replacement price Koha item type
    Dewey Decimal Classification       Central Library Central Library Lower Floor 20/07/2006   139.00 1 3 005.276 MAC 000003958 15/07/2025 25/11/2009 173.75 Book - Borrowing